| 000 | 00509nam a22001697a 4500 | ||
|---|---|---|---|
| 003 | OSt | ||
| 005 | 20140310181756.0 | ||
| 008 | 130701t xxu||||| |||| 00| 0 eng d | ||
| 050 |
_aHF 1713 _b.R45 1997 |
||
| 082 |
_aFIL 351.0035 _bRe 1997 |
||
| 100 | _aMacaranas, Federico M. | ||
| 245 |
_aReliving APEC 1996 : _bselect documents and speeches / _cFederico M. Macaranas. |
||
| 260 |
_aManila, Philippines : _bOffice of the President, _c1997. |
||
| 300 |
_a165 p. : _c22 cm. |
||
| 942 |
_2lcc _cBK |
||
| 999 |
_c3455 _d3455 |
||